000 01287nam0a2200337 4500
001 RU\NLR\BIBL_A\012630825
005 20211213155642.0
010 _a978-5-00170-323-5
_9100
021 _aRU
_bКН-П-21-034325
_9КН-П-21-2681
035 _a(NLR Aleph) 012630825
090 _a12666413
_c12666413
100 _a20211025d2021 e y0rusy50 ca
101 0 _arus
102 _aRU
105 _ay z 000gy
181 0 _ai
_baxxe
182 0 _an
200 1 _aДосчитаться до звёзд
_eстихотворения
_fСветлана Размыслович
203 _aТекст
_bвизуальный
_cнепосредственный
210 _aМосква
_cУ Никитских ворот
_d2021
215 _a154, [2] с.
_d21
225 1 _a101 поэт XXI века
_v99
300 _aНа 4-й с. обл. авт.: С. Размыслович, лауреат Есенинской премии "О, Русь, взмахни крылами"
333 _a16+
686 2 _aШ6(2=Р)8-5
700 1 _aРазмыслович
_bС. С.
_gСветлана Сергеевна
942 _cBOOK
980 _aNB